000 00970nam0a22002771 4500
001 rc\4547739
005 20250612113929.0
021 _aRU
_b[57-15992]
035 _a(NLR Aleph) 008639283
090 _a8931936
_c8931936
100 _a20130416d1957 |||y0rusy50 ca
101 0 _arus
102 _aRU
105 _aa z |||||
200 1 _aРациональное использование древесины
210 _aРостов-на-Дону
_cКн. изд-во
_d1957
215 _a55 с.
_cчерт.
_d20
300 _aПеред загл. авт.: Б.К. Лакатош, канд. техн. наук доц.
320 _aБиблиогр. в конце книги
606 _aДревесина
_xИспользование комплексное
_2psbo
700 1 _aЛакатош
_bБ.К.
_gБорис Константинович
801 0 _aRU
_bNLR
_gpsbo
801 1 _aRU
_bELAR
_2rusmarc
852 _aNLR
_j57-4/4289
942 _cBOOK
980 _aNB